3 complete love stories.

Saved in:
Bibliographic Details
Other Authors: Merwin, Lucy, Simmons, Suzanne, Harding, Christina
Format: Book
Language:English
Published: [New York] : Modern Promotions, [197u?].
Series:Encore romances
LEADER 01082nam a2200265 a 4500
001 c000261512
003 CARM
005 20070528140136.0
008 070528q197u nyu 000 1 eng d
040 |a VCAV  |c VCAV 
245 0 0 |a 3 complete love stories. 
246 3 |a Three complete love stories 
260 |a [New York] :  |b Modern Promotions,  |c [197u?]. 
300 |a 1v. (various pagings). 
490 0 |a Encore romances 
505 0 |a Contents : The image of love, by Lucy Merwin - From this day forward, by Suzanne Simmons - Say you don't remember, by Christina Harding. 
740 0 2 |a The image of love. 
740 0 2 |a From this day forward. 
740 0 2 |a Say you don't remember. 
700 1 |a Merwin, Lucy,  |t The image of love. 
700 1 |a Simmons, Suzanne  |t From this day forward. 
700 1 |a Harding, Christina,  |t Say you don't remember. 
852 8 |b CARM  |h A1:AO11A0  |i A04320  |p 0378465  |f BK 
999 f f |i c99d76e5-8fbc-570c-b10f-6791f4b1460a  |s ccc1c6ea-39e3-58f2-bd62-9cdf36a75378 
952 f f |p Can circulate  |a CAVAL  |b CAVAL  |c CAVAL  |d CARM 1 Store  |e A04320  |f A1:AO11A0  |h Other scheme  |i book  |m 0378465